Clerical office practice / (Record no. 14290)
[ view plain ]
| 000 -LEADER | |
|---|---|
| fixed length control field | 00849cam a22002651 4500 |
| 001 - CONTROL NUMBER | |
| control field | 14290 |
| 003 - CONTROL NUMBER IDENTIFIER | |
| rucl marc code | BD-RjUL |
| 005 - DATE AND TIME OF LATEST TRANSACTION | |
| control field | 20211208235613.0 |
| 008 - FIXED-LENGTH DATA ELEMENTS--GENERAL INFORMATION | |
| fixed length control field | 140205s1950 xx 001 0 eng |
| 035 ## - SYSTEM CONTROL NUMBER | |
| System control number | (BD-RjUL)14342 |
| System control number | (OCoLC)1577534 |
| 040 ## - CATALOGING SOURCE | |
| Original cataloging agency | DLC |
| Transcribing agency | FM |
| Modifying agency | DLC |
| Language of cataloging | eng |
| 041 ## - LANGUAGE CODE | |
| Language code of text/sound track or separate title | eng |
| 082 ## - DEWEY DECIMAL CLASSIFICATION NUMBER | |
| Edition number | 23 |
| Classification number | 651.374 |
| Author mark and year | LOC 1950 |
| 100 1# - MAIN ENTRY--PERSONAL NAME | |
| Personal name | Loso, Foster W. |
| Fuller form of name | (Foster William), |
| Dates associated with a name | 1902-1952. |
| 9 (RLIN) | 44622 |
| 245 10 - TITLE STATEMENT | |
| Title | Clerical office practice / |
| Statement of responsibility, etc. | Foster W. Loso |
| 260 ## - PUBLICATION, DISTRIBUTION, ETC. (IMPRINT) | |
| Place of publication, distribution, etc. | Cincinnati : |
| Name of publisher, distributor, etc. | South-western Pub. Co. |
| Date of publication, distribution, etc. | c1950. |
| 300 ## - PHYSICAL DESCRIPTION | |
| Pagination | vi, 504 p. : |
| Illustrations | illus. ; |
| Size | 23 cm. |
| 500 ## - GENERAL NOTE | |
| General note | In the earlier edition Loso's name appeared first on the title page. |
| 504 ## - BIBLIOGRAPHY, ETC. NOTE | |
| Bibliography, etc | Includes index. |
| 650 #0 - SUBJECT ADDED ENTRY--TOPICAL TERM | |
| Topical term or geographic name as entry element | Office practice. |
| 9 (RLIN) | 44623 |
| 700 1# - ADDED ENTRY--PERSONAL NAME | |
| Personal name | Agnew, Peter Lawrence |
| Dates associated with a name | 1901- |
| Relator term | joint author. |
| 942 ## - ADDED ENTRY ELEMENTS (KOHA) | |
| Source of classification or shelving scheme | Dewey Decimal Classification |
| Koha item type | Books |
| Lost status | Source of classification or shelving scheme | Damaged status | Not for loan | Collection code | Permanent Location | Current Location | Shelving location | Date acquired | Source of acquisition | Cost, normal purchase price | Total Checkouts | Full call number | Date last seen | Copy number | Koha item type |
|---|---|---|---|---|---|---|---|---|---|---|---|---|---|---|---|
| Dewey Decimal Classification | Not For Loan | Non-fiction | Central Library, University of Rajshahi | Central Library, University of Rajshahi | Reading Room | 21/07/1961 | Asia Foundation. | 0.00 | 651.374 LOC 1950 | 05/02/2014 | C-1 | Books | |||
| Dewey Decimal Classification | Non-fiction | Central Library, University of Rajshahi | Central Library, University of Rajshahi | 21/07/1961 | Asia Foundation | 651.374 LOC 1950 | 05/06/2017 | C-2 | Books | ||||||
| Dewey Decimal Classification | Non-fiction | Central Library, University of Rajshahi | Central Library, University of Rajshahi | 21/07/1961 | Asia Foundation | 651.374 LOC 1950 | 05/06/2017 | C-3 | Books |